[Event "Online Olym Div2 C 2020"]
[Site "chess.com INT"]
[Date "2020.08.15"]
[Round "4.3"]
[Board "4"]
[White "Werle, Iozefina"]
[Black "Alattar, Ghayda M."]
[Result "1-0"]
[WhiteTitle "WGM"]
[BlackTitle "WFM"]
[WhiteElo "2300"]
[BlackElo "1868"]
[WhiteTeam "Netherlands"]
[BlackTeam "Jordan"]
[WhiteFideId "1213261"]
[BlackFideId "8101531"]
[EventDate "2020.08.14"]
[EventType "team"]

1. e4 d6 2. d4 Nf6 3. Nc3 g6 4. Be3 c6 5. Nf3 Bg7 6. h3 Nbd7 7. Qd2 O-O 8. Bd3
e5 9. dxe5 dxe5 10. O-O Qc7 11. a4 b6 12. a5 b5 13. Ne2 Ba6 14. Ng3 c5 15. Bh6
c4 16. Be2 Rfe8 17. Bxg7 Kxg7 18. Nh4 Qc6 19. Qg5 Kh8 20. Rad1 Rad8 21. Bg4 Nxg4
22. hxg4 Qf6 23. Qh6 Qf4 24. g5 Nc5 25. Nh5 gxh5 26. Nf5 Ne6 27. Qf6+ Kg8 28.
Nh6+ Kf8 29. Qh8+ Ke7 30. Qxh7 Rd7 31. Nf5+ Kd8 32. Rxd7+ Kxd7 33. Qxf7+ Kd8 34.
Rd1+ Nd4 35. Qd5+ Kc7 36. Qd6+ Kc8 37. Nxd4 Qxe4 38. Qxa6+ Kc7 39. Nxb5+ Kb8 40.
Qxa7+ Kc8 41. Qc7# 1-0

[Event "Online Olym Div2 C 2020"]
[Site "chess.com INT"]
[Date "2020.08.15"]
[Round "4.3"]
[Board "5"]
[White "Saif, Malek"]
[Black "Vrolijk, Liam"]
[Result "0-1"]
[WhiteTitle "CM"]
[BlackTitle "IM"]
[WhiteElo "2168"]
[BlackElo "2481"]
[WhiteTeam "Jordan"]
[BlackTeam "Netherlands"]
[WhiteFideId "8104220"]
[BlackFideId "1048333"]
[EventDate "2020.08.14"]
[EventType "team"]

1. e4 c5 2. b3 g6 3. Bb2 Nf6 4. e5 Nd5 5. d4 cxd4 6. Qxd4 Qa5+ 7. Nc3 Nb4 8. Qe4
Bg7 9. f4 d5 10. exd6 N8c6 11. Bb5 Bxc3+ 12. Bxc3 Qxb5 13. Bxh8 Bf5 14. Qe2
Nxc2+ 15. Kf2 Qc5+ 16. Kg3 Nxa1 17. Bxa1 Qxd6 18. Nf3 Rd8 19. Re1 f6 20. Qb5 Rd7
21. h4 Kf7 22. Qc4+ Qd5 23. Qc3 Qd3 24. Qc5 Rd5 25. Qf2 h5 26. Re3 Qb1 27. Bc3
Qc2 28. Qxc2 Bxc2 29. b4 Bd1 30. Ne1 Bg4 31. Rd3 Ke6 32. Kf2 Rxd3 33. Nxd3 Kd5
34. Ke3 Kc4 35. Be1 Nd4 36. Nb2+ Kd5 37. Bc3 Nf5+ 38. Kd3 Nxh4 39. g3 Nf5 40.
Be1 Bf3 41. Nc4 Be2+ 42. Kxe2 Kxc4 43. Kf3 Nd4+ 44. Ke4 f5+ 45. Ke3 Nc2+ 46. Kd2
Nxe1 47. Kxe1 Kxb4 0-1

[Event "Online Olym Div2 C 2020"]
[Site "chess.com INT"]
[Date "2020.08.15"]
[Round "4.3"]
[Board "6"]
[White "Van Foreest, Machteld"]
[Black "Tala, Alnasser"]
[Result "1-0"]
[WhiteElo "2161"]
[BlackElo "1431"]
[WhiteTeam "Netherlands"]
[BlackTeam "Jordan"]
[WhiteFideId "1051563"]
[BlackFideId "8110328"]
[EventDate "2020.08.14"]
[EventType "team"]

1. e4 c5 2. Nf3 Nc6 3. Bb5 a6 4. Bxc6 bxc6 5. O-O g6 6. c3 Bg7 7. d4 cxd4 8.
cxd4 d5 9. e5 Nh6 10. Bf4 O-O 11. Qd2 Nf5 12. g4 Nxd4 13. Nxd4 Bxg4 14. Nxc6 Qd7
15. Qxd5 Qb7 16. Bg5 Rfe8 17. Nc3 Bh3 18. Nxe7+ Rxe7 19. Bxe7 Qxe7 20. Qxa8+ Bf8
21. Ne4 Qxe5 22. Ng3 Qxb2 23. Rab1 Qxa2 24. Rb8 Qa3 25. Rxf8+ Qxf8 26. Qxf8+
Kxf8 27. Ra1 Bc8 28. Ne4 Ke7 29. Nc5 Kd6 30. Nxa6 Be6 31. Rd1+ Ke5 32. Nc5 Bc4
33. Re1+ Kf4 34. Re4+ 1-0

[Event "Online Olym Div2 C 2020"]
[Site "chess.com INT"]
[Date "2020.08.15"]
[Round "4.4"]
[Board "1"]
[White "Pereira, Ruben"]
[Black "Georgiev, Kiril"]
[Result "1/2-1/2"]
[WhiteTitle "IM"]
[BlackTitle "GM"]
[WhiteElo "2440"]
[BlackElo "2592"]
[WhiteTeam "Portugal"]
[BlackTeam "North Macedonia"]
[WhiteFideId "1903063"]
[BlackFideId "2900017"]
[EventDate "2020.08.14"]
[EventType "team"]

1. e4 c5 2. Nc3 Nc6 3. Bb5 Nd4 4. Nf3 e6 5. Bc4 Nf6 6. O-O a6 7. a4 d6 8. d3 Nc6
9. Bg5 Be7 10. Re1 b6 11. e5 dxe5 12. Nxe5 Nxe5 13. Rxe5 Bb7 14. Re1 O-O 15. Qe2
Qd7 16. Bf4 Rfe8 17. Be5 Qc6 18. f3 Nd7 19. Bg3 Bf6 20. Ne4 Bxb2 21. Rab1 Be5
22. Bf2 Rab8 23. c3 Bc7 24. d4 Qxa4 25. dxc5 Bxe4 26. Qxe4 Nxc5 27. Bxc5 bxc5
28. Ra1 Qd7 29. Red1 Qe7 30. Rxa6 Red8 31. Rxd8+ Rxd8 32. Ra8 g6 33. Qc6 Rxa8
34. Qxa8+ Kg7 35. Qc6 Be5 36. Bf1 Bxc3 37. g3 Bd4+ 38. Kg2 h5 39. Qe4 Qa7 40.
Qc2 Qa3 41. Qd3 Qc1 42. Qe2 Qg5 43. Qe4 Qd5 44. Qd3 Kf6 45. h4 Kg7 46. Qe2 Qf5
47. Qd3 Qe5 48. Qe2 Qc7 49. Qb5 Qa7 50. Qe2 Qa1 51. Qa6 Qc1 52. Qd3 Kf6 53. Qe2
Ke7 54. Qd3 Qa1 55. Qb5 Qc3 56. Qd3 Qb2+ 57. Qe2 Qb4 58. Qa6 Kf6 59. Qd3 Qe1 60.
Qe2 Qc1 61. Qd3 g5 62. hxg5+ Qxg5 63. Qe4 Qd2+ 64. Kh3 Qg5 65. Be2 Bf2 66. Qh4
Kg6 67. Qxg5+ Kxg5 68. f4+ Kh6 69. Kh4 f6 70. Bc4 e5 71. fxe5 fxe5 72. Bd3 Be3
73. Be4 c4 74. Bf5 Bg5+ 75. Kh3 Kg7 76. Kg2 Kf6 77. Be4 Ke6 78. Kf3 Kd6 79. Bg6
h4 80. gxh4 Bxh4 81. Bc2 Kd5 82. Bh7 Kd4 83. Bg6 Bg5 84. Bh7 Bf4 85. Bg6 Kc3 86.
Ke2 Kb3 87. Kd1 Bh6 88. Bh7 Kc3 89. Ke2 Bf4 90. Bg6 Kb2 91. Kd1 Be3 92. Bh7 Bd4
93. Bg6 Kc3 94. Ke2 Kb3 95. Kd1 Ba7 96. Bh7 Kb2 97. Bg6 Kc3 98. Ke2 Kd4 99. Kf3
c3 100. Bh7 Kc4 101. Ke2 Kb3 102. Kd1 Bb6 103. Bg6 Kb2 104. Bh7 Bc5 105. Bg6 Bf8
106. Bh7 Kb3 107. Bg6 Kc4 108. Ke2 Kd4 109. Kf3 Bh6 110. Bh7 Bg5 111. Bg6 Kc4
112. Ke2 Kb3 113. Kd1 Kb2 114. Bh7 Bf4 115. Bg6 Kb3 116. Bh7 Kb4 117. Ke2 Kc5
118. Bg6 Bh6 119. Bh7 Kd4 120. Kf3 Kc4 121. Ke2 Kb3 122. Kd1 Kb2 123. Bg6 Bd2
124. Bh7 Kb3 125. Bg6 Kc4 126. Ke2 Kd4 127. Kf3 1/2-1/2

[Event "Online Olym Div2 C 2020"]
[Site "chess.com INT"]
[Date "2020.08.15"]
[Round "4.4"]
[Board "2"]
[White "Stojanovski, Dejan"]
[Black "Martins, David Pires Tavares"]
[Result "1-0"]
[WhiteTitle "IM"]
[BlackTitle "IM"]
[WhiteElo "2421"]
[BlackElo "2398"]
[WhiteTeam "North Macedonia"]
[BlackTeam "Portugal"]
[WhiteFideId "15000796"]
[BlackFideId "1909991"]
[EventDate "2020.08.14"]
[EventType "team"]

1. d4 e6 2. Nf3 f5 3. Bg5 Nf6 4. Nbd2 d5 5. e3 Nbd7 6. Ne5 Be7 7. Ndf3 O-O 8.
Bd3 c5 9. c3 Ng4 10. Bxe7 Qxe7 11. Nxd7 Bxd7 12. h3 Nf6 13. Ne5 b5 14. Nxd7 Nxd7
15. Bxb5 Nf6 16. Bd3 Rab8 17. Rb1 e5 18. dxe5 Qxe5 19. O-O Rb6 20. c4 Kh8 21.
Qc2 Ne4 22. cxd5 Rg6 23. f4 Qxd5 24. Bxe4 fxe4 25. Rbd1 Qxa2 26. Qxc5 Kg8 27.
Qd5+ Qxd5 28. Rxd5 Rb8 29. Rd2 Rgb6 30. Ra1 Rxb2 31. Rxb2 Rxb2 32. Ra4 Rb7 33.
Rxe4 a5 34. Re8+ Kf7 35. Ra8 Rb5 36. Ra6 h5 37. g3 Ke7 38. Kf2 Kd7 39. Ra7+ Kc6
40. Rxg7 Kb6 41. g4 hxg4 42. hxg4 a4 43. Rd7 a3 44. Rd1 a2 45. Ra1 Ra5 46. g5
Kc5 47. g6 Kd5 48. g7 Ra8 49. Kf3 Rg8 50. Rxa2 Rxg7 51. e4+ Kd4 52. Rd2+ 1-0

[Event "Online Olym Div2 C 2020"]
[Site "chess.com INT"]
[Date "2020.08.15"]
[Round "4.4"]
[Board "3"]
[White "Pintor, Ariana"]
[Black "Stojkovska, Monika"]
[Result "1-0"]
[WhiteTitle "WFM"]
[BlackTitle "WFM"]
[WhiteElo "1903"]
[BlackElo "2106"]
[WhiteTeam "Portugal"]
[BlackTeam "North Macedonia"]
[WhiteFideId "1902806"]
[BlackFideId "15002594"]
[EventDate "2020.08.14"]
[EventType "team"]

1. e4 e6 2. d4 d5 3. exd5 exd5 4. Bd3 Nc6 5. c3 Bd6 6. Nf3 Nge7 7. O-O Bg4 8.
Re1 Qd7 9. h3 Bh5 10. Nbd2 O-O-O 11. b4 Bg6 12. Bb5 f6 13. Ba4 Kb8 14. Nb3 Rde8
15. b5 Nd8 16. Nc5 Qf5 17. b6 Nec6 18. bxa7+ Ka8 19. Be3 Bxc5 20. dxc5 Qd3 21.
Qb3 Qc4 22. Qa3 Re7 23. Nd4 Nxd4 24. cxd4 Qa6 25. Qb4 Nc6 26. Qb3 Kxa7 27. Bb5
Qa5 28. Red1 Rd8 29. Bd2 Nxd4 30. Bxa5 Nxb3 31. axb3 Kb8 32. c6 Be8 33. Bb4 Re4
34. Bc5 Bxc6 35. Ba7+ Kc8 36. Bd3 Rb4 37. Bc5 Rxb3 38. Bf5+ Kb8 39. Ba7+ Ka8 40.
Bc5+ Kb8 41. Ba7+ Ka8 42. Bd4+ Kb8 43. Ra7 b6 44. Rda1 Rb4 45. Be3 g6 46. Bd3
Kc8 47. Bf4 Bb7 48. Ba6 g5 49. Bxb7+ Kd7 50. Bg3 d4 51. Be4 Rc4 52. Bf5+ Ke7 53.
Bxc7 Rd5 54. Bxb6+ Kf8 55. Be6 Rd6 56. Bxc4 Rxb6 57. Rf7+ 1-0

[Event "Online Olym Div2 C 2020"]
[Site "chess.com INT"]
[Date "2020.08.15"]
[Round "4.4"]
[Board "4"]
[White "Koskoska, Gabriela"]
[Black "Santos, Isabel Pereira Dos"]
[Result "1-0"]
[WhiteTitle "WIM"]
[WhiteElo "2020"]
[BlackElo "1772"]
[WhiteTeam "North Macedonia"]
[BlackTeam "Portugal"]
[WhiteFideId "15000630"]
[BlackFideId "1921681"]
[EventDate "2020.08.14"]
[EventType "team"]

1. e4 c6 2. d4 d5 3. exd5 cxd5 4. c4 Nf6 5. Nc3 Be6 6. c5 g6 7. Nf3 Bg7 8. Bb5+
Nc6 9. Ne5 Rc8 10. O-O O-O 11. Bxc6 bxc6 12. b4 Nd7 13. f4 Nxe5 14. fxe5 Rb8 15.
Rb1 Bf5 16. Rb2 f6 17. exf6 Bxf6 18. Bh6 Re8 19. g4 Be6 20. Bf4 Qd7 21. g5 Bg7
22. Bxb8 Rxb8 23. a3 Bf5 24. Ne2 Bh3 25. Rf4 e5 26. Rh4 Rf8 27. Ng3 exd4 28. Rf2
Rxf2 29. Kxf2 Qf7+ 30. Qf3 Qe6 31. Ne2 Bf5 32. Nxd4 Bxd4+ 33. Rxd4 Qe5 34. Qf4
Qxf4+ 35. Rxf4 Kf7 36. Ke3 Ke6 37. Kd4 a6 38. Rf2 1-0

[Event "Online Olym Div2 C 2020"]
[Site "chess.com INT"]
[Date "2020.08.15"]
[Round "4.4"]
[Board "5"]
[White "Veiga, Jose Francisco R P Neves"]
[Black "Lazov, Toni"]
[Result "1-0"]
[WhiteTitle "FM"]
[BlackTitle "IM"]
[WhiteElo "2322"]
[BlackElo "2405"]
[WhiteTeam "Portugal"]
[BlackTeam "North Macedonia"]
[WhiteFideId "1930087"]
[BlackFideId "15000770"]
[EventDate "2020.08.14"]
[EventType "team"]

1. e4 c5 2. Nf3 d6 3. Bb5+ Bd7 4. Bxd7+ Qxd7 5. c4 Nc6 6. Nc3 g6 7. d4 cxd4 8.
Nxd4 Bg7 9. Be3 Nf6 10. f3 O-O 11. O-O Rfc8 12. b3 Rab8 13. a4 a6 14. Rb1 Qc7
15. Qd2 Qa5 16. Rfd1 Nd7 17. Kh1 Nxd4 18. Bxd4 Bxd4 19. Qxd4 Qe5 20. Qe3 Nf6 21.
Nd5 Kg7 22. Nxf6 Qxf6 23. Rd5 Rc6 24. Rbd1 Qb2 25. e5 dxe5 26. R5d2 Qa3 27.
Qxe5+ Rf6 28. Qxb8 Qxb3 29. Qe5 Qxc4 30. Qxe7 Qxa4 31. Qe5 Qf4 32. Qxf4 Rxf4 33.
Rb2 b5 34. Ra1 Rc4 35. Kg1 Rc6 36. Rba2 b4 37. Rxa6 Rc2 38. Rb1 1-0

[Event "Online Olym Div2 C 2020"]
[Site "chess.com INT"]
[Date "2020.08.15"]
[Round "4.4"]
[Board "6"]
[White "Manova, Ivana"]
[Black "Avelino, Camila Biscaya"]
[Result "0-1"]
[WhiteElo "1742"]
[BlackElo "1732"]
[WhiteTeam "North Macedonia"]
[BlackTeam "Portugal"]
[WhiteFideId "15003590"]
[BlackFideId "1938975"]
[EventDate "2020.08.14"]
[EventType "team"]

1. e4 e5 2. Nf3 Nc6 3. d4 exd4 4. Nxd4 Nf6 5. Nxc6 bxc6 6. e5 Qe7 7. Qe2 Nd5 8.
h4 Qe6 9. g3 Nb4 10. c4 Ba6 11. Nc3 d5 12. b3 dxc4 13. bxc4 Rd8 14. Bh3 Qxc4 15.
Rb1 Qxc3+ 16. Bd2 Nc2+ 0-1

[Event "Online Olym Div2 C 2020"]
[Site "chess.com INT"]
[Date "2020.08.15"]
[Round "4.5"]
[Board "1"]
[White "Studer, Noel"]
[Black "Ashiku, Franc"]
[Result "1-0"]
[WhiteTitle "GM"]
[BlackTitle "IM"]
[WhiteElo "2573"]
[BlackElo "2419"]
[WhiteTeam "Switzerland"]
[BlackTeam "Albania"]
[WhiteFideId "1319620"]
[BlackFideId "4700066"]
[EventDate "2020.08.14"]
[EventType "team"]

1. d4 Nf6 2. c4 g6 3. Nc3 Bg7 4. e4 d6 5. h3 e5 6. d5 a5 7. Be3 Na6 8. Nf3 O-O
9. g4 Kh8 10. Nd2 Ng8 11. Bd3 Bh6 12. Qe2 Nb4 13. Bb1 f5 14. gxf5 gxf5 15. exf5
Bxf5 16. Bxf5 Rxf5 17. O-O-O Qh4 18. a3 Bxe3 19. fxe3 Rf2 20. Qg4 Nd3+ 21. Kc2
Qxg4 22. hxg4 Nc5 23. Rdf1 Raf8 24. b4 axb4 25. axb4 Na6 26. Kb3 Kg7 27. Rxf2
Rxf2 28. Nde4 Rg2 29. g5 Ne7 30. Rf1 Ng8 31. c5 dxc5 32. b5 Nb4 33. Nxc5 Nc2 34.
Ne6+ Kg6 35. Rf8 Ne7 36. Rf6+ Kh5 37. Rf7 Nc8 38. Rxc7 Nd6 39. Rxh7+ Kg4 40. g6
b6 41. g7 Na1+ 42. Ka4 Kf5 43. Rh8 Nc4 44. g8=Q Nb2+ 45. Ka3 Nc4+ 46. Kb4 1-0

[Event "Online Olym Div2 C 2020"]
[Site "chess.com INT"]
[Date "2020.08.15"]
[Round "4.5"]
[Board "2"]
[White "Pasko, Llambi"]
[Black "Georgiadis, Nico"]
[Result "0-1"]
[WhiteTitle "IM"]
[BlackTitle "GM"]
[WhiteElo "2410"]
[BlackElo "2551"]
[WhiteTeam "Albania"]
[BlackTeam "Switzerland"]
[WhiteFideId "4701178"]
[BlackFideId "1300113"]
[EventDate "2020.08.14"]
[EventType "team"]

1. d4 Nf6 2. c4 e6 3. Nf3 d5 4. Nc3 dxc4 5. e3 a6 6. a4 c5 7. Bxc4 Nc6 8. O-O
Be7 9. Qe2 cxd4 10. Rd1 O-O 11. exd4 Nb4 12. Ne5 b6 13. Bg5 Bb7 14. Rac1 Nbd5
15. Ba2 Rc8 16. Bb1 Qd6 17. Bd2 Rfd8 18. Ne4 Nxe4 19. Qxe4 g6 20. Qf3 f5 21. Ba2
Bf6 22. Nc4 Qe7 23. Qd3 Nb4 24. Qb3 Nxa2 25. Qxa2 Bxd4 26. Be3 Qf6 27. Bxd4 Rxd4
28. Nxb6 Rxc1 29. Rxc1 Kg7 30. Rc7+ Kh6 31. Qb3 Qg5 32. g3 Be4 33. h4 Qg4 34.
Qe3+ f4 35. Qxd4 Qf3 36. Qg7+ Kh5 37. Rc5+ Kg4 38. Kf1 Qd1# 0-1

[Event "Online Olym Div2 C 2020"]
[Site "chess.com INT"]
[Date "2020.08.15"]
[Round "4.5"]
[Board "3"]
[White "Hakimifard, Ghazal"]
[Black "Shabanaj, Eglantina"]
[Result "0-1"]
[WhiteTitle "WGM"]
[BlackTitle "WCM"]
[WhiteElo "2265"]
[BlackElo "1996"]
[WhiteTeam "Switzerland"]
[BlackTeam "Albania"]
[WhiteFideId "12506540"]
[BlackFideId "4700562"]
[EventDate "2020.08.14"]
[EventType "team"]

1. e4 d6 2. d4 g6 3. Nc3 Bg7 4. g3 c6 5. Bg2 Nd7 6. Nge2 Qc7 7. f4 e5 8. Be3
Ngf6 9. h3 O-O 10. O-O Ne8 11. dxe5 dxe5 12. f5 Nef6 13. g4 h6 14. Qe1 g5 15.
Bf3 Nh7 16. Kg2 Bf6 17. Ng3 b5 18. Nh5 Be7 19. h4 Ba6 20. Be2 Bb7 21. Rd1 Ndf6
22. Nxf6+ Bxf6 23. b4 a5 24. a3 axb4 25. axb4 Kg7 26. h5 Rfd8 27. Qf2 Rxd1 28.
Rxd1 Ra3 29. Bb6 Qc8 30. Nb1 Ra2 31. Qc5 Nf8 32. Qc3 c5 33. bxc5 Bxe4+ 34. Kg3
Rxc2 35. Qe3 Bc6 36. Na3 Rb2 37. Rd6 Qa8 38. Rxc6 Qxc6 39. Bf3 e4 40. Bxe4 Be5+
41. Kf3 Qf6 42. c6 Rh2 43. Qc5 Rh3+ 44. Kg2 Rg3+ 45. Kf2 Rc3 46. Qb4 Bd6 47. Qd4
Rxa3 48. c7 Bxc7 49. Qxf6+ Kxf6 50. Bxc7 Nd7 51. Bc6 Ne5 52. Bd8+ Kg7 53. Bxb5
Nxg4+ 54. Kg1 f6 55. Be7 Re3 56. Bd6 Rh3 57. Be8 Rf3 58. Bg6 Ne5 59. Be8 Rxf5
60. Kg2 Nf7 61. Bg3 g4 62. Bd7 Rxh5 63. Bxg4 Rg5 64. Bf3 Ne5 65. Bb7 h5 66. Kh3
Ng6 67. Bf3 Rb5 68. Bd6 Rb3 0-1

[Event "Online Olym Div2 C 2020"]
[Site "chess.com INT"]
[Date "2020.08.15"]
[Round "4.5"]
[Board "4"]
[White "Gjergji, Rozana"]
[Black "De Seroux, Camille"]
[Result "1/2-1/2"]
[WhiteTitle "WCM"]
[BlackTitle "WIM"]
[WhiteElo "1942"]
[BlackElo "2137"]
[WhiteTeam "Albania"]
[BlackTeam "Switzerland"]
[WhiteFideId "4700147"]
[BlackFideId "1305620"]
[EventDate "2020.08.14"]
[EventType "team"]

1. e4 c5 2. f4 Nc6 3. Nf3 g6 4. d3 Bg7 5. Be2 e6 6. c3 Nge7 7. Na3 d6 8. Nc2 O-O
9. O-O Rb8 10. Be3 b5 11. d4 cxd4 12. Ncxd4 a6 13. Rc1 Bb7 14. Qc2 d5 15. e5 Rc8
16. Kh1 Nf5 17. Nxf5 gxf5 18. Nd4 b4 19. Qa4 bxc3 20. Rxc3 Nxd4 21. Bxd4 Rxc3
22. bxc3 Qc7 23. Rb1 Bh6 24. g3 Rc8 25. Rb6 Bf8 26. Qb3 Ba8 27. Bxa6 Rd8 28. Bb7
Bc5 29. Bxa8 Bxd4 30. Rc6 Qa7 31. Bb7 Rb8 32. Rc8+ Rxc8 33. Bxc8 Bf2 34. Kg2 Be1
35. Qc2 Qe3 36. Kf1 Bxc3 37. Qe2 Qc1+ 38. Kg2 d4 39. Ba6 Qa3 40. Bc4 Qa8+ 41.
Qf3 Qa4 42. Bb3 Qa6 43. Kh3 d3 44. a4 Bb4 45. Qh5 d2 46. Qg5+ Kh8 47. Qf6+ Kg8
48. Qd8+ Kg7 49. Qf6+ Kg8 50. Qd8+ Kg7 51. Qf6+ Kg8 1/2-1/2

[Event "Online Olym Div2 C 2020"]
[Site "chess.com INT"]
[Date "2020.08.15"]
[Round "4.5"]
[Board "5"]
[White "Stijve, Theo"]
[Black "Veleshnja, Zino"]
[Result "1/2-1/2"]
[WhiteTitle "FM"]
[WhiteElo "2251"]
[BlackElo "2287"]
[WhiteTeam "Switzerland"]
[BlackTeam "Albania"]
[WhiteFideId "1331132"]
[BlackFideId "4701313"]
[EventDate "2020.08.14"]
[EventType "team"]

1. e4 c5 2. Nf3 d6 3. d4 cxd4 4. Nxd4 Nf6 5. Nc3 a6 6. f3 e5 7. Nb3 Be6 8. Be3
Nbd7 9. Qd2 b5 10. O-O-O b4 11. Nd5 Bxd5 12. exd5 Nb6 13. Bg5 a5 14. Bb5+ Nbd7
15. Bxf6 gxf6 16. Kb1 Bg7 17. Bc6 Ra7 18. Qe3 Qc7 19. Nd4 Qb6 20. Rhe1 Bf8 21.
Nb5 Ra6 22. Qd3 Ke7 23. Bxd7 Kxd7 24. Qf5+ Ke7 25. Nd4 Qc5 26. f4 Bg7 27. fxe5
dxe5 28. Qg4 Rg8 29. d6+ Kd8 30. Nf5 Rc6 31. Nxg7 Qxc2+ 32. Ka1 Qg6 33. Qf3 e4
34. Rxe4 Qxg7 35. Re7 Qg4 36. Qd5 Rg5 37. Re8+ Kxe8 38. Qxc6+ Qd7 39. Re1+ Re5
40. Rxe5+ fxe5 41. Qa8+ Qd8 42. Qd5 Qf6 43. d7+ Kd8 44. Qd1 Qe6 45. Qa4 Qxd7 46.
Qxa5+ Qc7 47. Qd5+ Qd7 48. Qa5+ Qc7 1/2-1/2

[Event "Online Olym Div2 C 2020"]
[Site "chess.com INT"]
[Date "2020.08.15"]
[Round "4.5"]
[Board "6"]
[White "Shuqja, Klean"]
[Black "Tamrazyan, Gohar"]
[Result "0-1"]
[WhiteTitle "WCM"]
[WhiteElo "1838"]
[BlackElo "1802"]
[WhiteTeam "Albania"]
[BlackTeam "Switzerland"]
[WhiteFideId "4701585"]
[BlackFideId "1330799"]
[EventDate "2020.08.14"]
[EventType "team"]

1. b3 e5 2. Bb2 Nc6 3. e3 d5 4. Bb5 Bd6 5. f4 f6 6. Qh5+ g6 7. Qh4 exf4 8. exf4
Bd7 9. Bxc6 Bxc6 10. Ne2 Qe7 11. O-O O-O-O 12. Nd4 Bc5 13. Re1 Qd6 14. Kh1 Bd7
15. d3 Qb6 16. Qf2 Ne7 17. Nd2 Nc6 18. c3 Bxd4 19. cxd4 Nb4 20. Re3 Nc2 21. Rc1
Nxe3 22. Qxe3 Rhe8 23. Qf3 Qe6 24. h3 Qe2 25. Rd1 Qxf3 26. Nxf3 Re2 27. Ba3 Rxa2
28. Be7 Re8 29. Bxf6 Ree2 30. Rg1 Bf5 31. Be5 Bxd3 32. Nh4 Be4 33. Kh2 h6 34.
Bf6 c6 35. Kg3 Re3+ 36. Kh2 Rxb3 37. Rf1 Rbb2 38. Rg1 Rc2 39. Kg3 a5 40. Kg4 a4
41. g3 a3 42. Be7 Rc3 43. f5 gxf5+ 44. Nxf5 Bxf5+ 45. Kxf5 Rf2+ 46. Ke6 a2 47.
Re1 Rb3 48. Kd6 Rb1 49. Re3 a1=Q 0-1

[Event "Online Olym Div2 C 2020"]
[Site "chess.com INT"]
[Date "2020.08.15"]
[Round "5.1"]
[Board "1"]
[White "Ashiku, Franc"]
[Black "Shirov, Alexei"]
[Result "0-1"]
[WhiteTitle "IM"]
[BlackTitle "GM"]
[WhiteElo "2419"]
[BlackElo "2647"]
[WhiteTeam "Albania"]
[BlackTeam "Spain"]
[WhiteFideId "4700066"]
[BlackFideId "2209390"]
[EventDate "2020.08.14"]
[EventType "team"]

1. d4 d5 2. c4 c6 3. Nc3 Nf6 4. Nf3 e6 5. e3 Nbd7 6. b3 Bd6 7. Bd3 O-O 8. O-O
Qe7 9. Qc2 e5 10. cxd5 cxd5 11. e4 exd4 12. Nxd5 Nxd5 13. exd5 Ne5 14. Nxe5 Qxe5
15. Bxh7+ Kh8 16. f4 Qxd5 17. Be4 d3 18. Qxd3 Bc5+ 19. Kh1 Qxd3 20. Bxd3 Bg4 21.
Bb2 Rad8 22. Bc4 Rd2 23. Bc3 Rc2 24. Rac1 Rxc1 25. Rxc1 Kg8 26. Re1 Rd8 27. h3
Bc8 28. b4 Bf2 29. Rf1 Bg3 30. Be1 Bxe1 31. Rxe1 Kf8 32. Rc1 Bd7 33. Bb3 Bc6 34.
b5 Bxb5 35. Rc7 Rd7 36. Rxd7 Bxd7 37. g4 a5 38. a3 b5 39. Kg2 a4 40. Ba2 Be6 41.
Bb1 b4 42. axb4 a3 43. Kg3 a2 44. Bxa2 Bxa2 45. f5 f6 46. h4 Bc4 47. Kf4 Ke7 48.
g5 Be2 49. Ke3 Bg4 50. Kf4 Bh5 51. Ke4 Kd6 52. b5 Bf7 53. b6 Kc6 54. gxf6 gxf6
55. h5 Kxb6 56. h6 Bg8 57. h7 Bxh7 58. Kd5 Bxf5 0-1

[Event "Online Olym Div2 C 2020"]
[Site "chess.com INT"]
[Date "2020.08.15"]
[Round "5.1"]
[Board "2"]
[White "Perez Candelario, Manuel"]
[Black "Pasko, Llambi"]
[Result "1/2-1/2"]
[WhiteTitle "GM"]
[BlackTitle "IM"]
[WhiteElo "2612"]
[BlackElo "2410"]
[WhiteTeam "Spain"]
[BlackTeam "Albania"]
[WhiteFideId "2210622"]
[BlackFideId "4701178"]
[EventDate "2020.08.14"]
[EventType "team"]

1. e4 e5 2. Nf3 Nc6 3. Nc3 Nf6 4. Bb5 Bc5 5. Nxe5 Nxe5 6. d4 Bd6 7. O-O O-O 8.
f4 Nc6 9. e5 Be7 10. exf6 Bxf6 11. d5 Nd4 12. Bd3 d6 13. Ne4 Nf5 14. c3 c6 15.
dxc6 Be7 16. cxb7 Bxb7 17. Ng5 Qb6+ 18. Rf2 Bxg5 19. fxg5 Ne3 20. Bxh7+ Kxh7 21.
Qd3+ Nf5 22. Qxf5+ Kg8 23. Bf4 Rae8 24. Bg3 Re2 25. Rf1 g6 26. Qf4 Qxb2 27. h4
Qxa2 28. Qxd6 Rxf2 29. Rxf2 Qd5 30. Qf6 Re8 31. Kh2 Qe6 32. Rd2 Qxf6 33. gxf6
Bc8 34. Bf4 Be6 35. Rd6 Rc8 36. Ra6 Rxc3 37. Rxa7 Kh7 38. Rc7 Rxc7 39. Bxc7 Bd5
40. g4 Be6 41. Kg3 Bd5 42. Kf4 Ba2 43. Kg5 Bb1 44. Bd6 Bc2 45. Bf8 Bb1 46. Bg7
Bc2 47. Kf4 Bb1 48. Ke5 Bc2 49. Kf4 Bb1 50. Kg5 Bc2 1/2-1/2

[Event "Online Olym Div2 C 2020"]
[Site "chess.com INT"]
[Date "2020.08.15"]
[Round "5.1"]
[Board "3"]
[White "Shabanaj, Eglantina"]
[Black "Calzetta Ruiz, Monica"]
[Result "1-0"]
[WhiteTitle "WCM"]
[BlackTitle "WGM"]
[WhiteElo "1996"]
[BlackElo "2302"]
[WhiteTeam "Albania"]
[BlackTeam "Spain"]
[WhiteFideId "4700562"]
[BlackFideId "2204185"]
[EventDate "2020.08.14"]
[EventType "team"]

1. Nf3 Nf6 2. d4 c5 3. e3 g6 4. c4 Bg7 5. Nc3 cxd4 6. exd4 d5 7. Bg5 Be6 8. Be2
O-O 9. cxd5 Nxd5 10. O-O Nc6 11. Qd2 Re8 12. h3 Rc8 13. Bh6 Bh8 14. Rfe1 Qb6 15.
Bb5 Nxc3 16. Bxc6 Qxc6 17. bxc3 Qxc3 18. Qf4 Bd5 19. Rac1 Qa3 20. Rxc8 Rxc8 21.
Ng5 Qd6 22. Qh4 Qf6 23. Qg4 Rc2 24. Qg3 Qd6 25. Qxd6 1-0

[Event "Online Olym Div2 C 2020"]
[Site "chess.com INT"]
[Date "2020.08.15"]
[Round "5.1"]
[Board "4"]
[White "Hernandez Estevez, Yudania"]
[Black "Gjergji, Rozana"]
[Result "0-1"]
[WhiteTitle "WIM"]
[BlackTitle "WCM"]
[WhiteElo "2197"]
[BlackElo "1942"]
[WhiteTeam "Spain"]
[BlackTeam "Albania"]
[WhiteFideId "2219344"]
[BlackFideId "4700147"]
[EventDate "2020.08.14"]
[EventType "team"]

1. e4 e5 2. Nf3 Nc6 3. Bb5 d6 4. O-O Be7 5. d4 exd4 6. Nxd4 Bd7 7. Nc3 Nf6 8.
Re1 O-O 9. b3 Bg4 10. f3 Bd7 11. Bb2 a6 12. Bf1 Nh5 13. Nd5 Kh8 14. Nf5 Bxf5 15.
exf5 Bf6 16. Nxf6 Nxf6 17. Qd2 Qd7 18. g4 Ng8 19. Qc3 f6 20. Bc4 Ne5 21. Bd5 Ne7
22. Bxb7 Ra7 23. Be4 d5 24. Red1 Qb5 25. a4 Qb6+ 26. Kh1 dxe4 27. Ba3 c5 28.
Bxc5 Qc7 29. Qe3 Nxf3 30. Bd6 Qb7 31. c4 Raa8 32. c5 Rfe8 33. Rac1 Qc6 34. Rc4
Nd5 35. Qf2 Ng5 36. Qd4 e3 37. Qxd5 e2 38. Qxc6 exd1=Q+ 39. Kg2 Re2+ 40. Kg3
Qd3+ 0-1